Movies Quiz

Random Movies or Actress Quiz
Score 0/25 Timer 04:00
1 Play Today
* Character % Correct
Aladdin
92.8%
Ace Ventura
82.6%
Austin Powers
82.2%
Amélie
71.1%
Aragorn (Lord of the Rings)
62.7%
Alfred Pennyworth (The Dark Knight)
57%
Andy Dufresne (The Shawshank Redemption)
55.9%
Anastasia
51.2%
Annie Wilkes (Misery)
45.4%
Arthur Bach (Arthur)
44.7%
Augustus Gloop (Willy Wonka & the Chocolate Factory)
43.4%
Atticus Finch (To Kill a Mockingbird)
42.4%
Axel Foley (Beverly Hills Cop)
41%
* Character % Correct
Alex DeLarge (A Clockwork Orange)
39.7%
Admiral Ackbar (Return of the Jedi)
37.6%
Adrian (Rocky)
35.3%
Andrew Beckett (Philadelphia)
29.6%
Ashley J. 'Ash' Williams (Evil Dead series)
19.5%
Aileen Wuornos (Monster)
19.2%
Anton Ego (Ratatouille)
17.5%
Atreyu (The Never Ending Story)
12.7%
Alvy Singer (Annie Hall)
12.2%
Amon Goeth (Schindler's List)
9.9%
Alonzo Harris (Training Day)
9.8%
Agador (The Birdcage)
5.3%
Come Together.
Have Fun.
All Virtual.
We all need to come together. Play Sporcle's virtual live trivia to have fun, connect with people, and get your trivia on. Join a live hosted trivia game for your favorite pub trivia experience done virtually. If a virtual private party is more your thing, go here for details.

You're not logged in!

Compare scores with friends on all Sporcle quizzes.
OR
Log In

Sporcle TV

Today on Sporcle TV


Watch our educational content, quiz creation guides, and fun videos on Sporcle TV.

Show Comments

Extras

Top Quizzes Today


Score Distribution

Paid Content

Your Account Isn't Verified!

In order to create a playlist on Sporcle, you need to verify the email address you used during registration. Go to your Sporcle Settings to finish the process.

Report this User

Report this user for behavior that violates our Community Guidelines.

Details: